Wahlkreise, die am meisten CDU/CSU gewählt haben - Statistiken

Allgemein
  • Dieses Quiz wurde 71 mal gespielt
    45 seit der letzten Aktualisierung
  • Das Durchschnittsergebnis liegt bei 9 aus 20
Antwortstatistiken
% Kandidat BL Wahlkreis % Korrekt
47,7 Friedrich Merz NW Hochsauerlandkreis
76%
45,8 Silvia Breher NI Cloppenburg – Vechta
70%
45,5 Carsten Linnemann NW Paderborn
61%
44,5 Hansjörg Durz BY Augsburg-Land
55%
46,3 Alois Rainer BY Straubing
55%
44,5 Silke Launert BY Bayreuth
52%
50,5 Dorothee Bär BY Bad Kissingen
48%
45,6 Marc Henrichmann NW Coesfeld – Steinfurt II
48%
47,1 Reinhard Brandl BY Ingolstadt
48%
49,3 Emmi Zeulner BY Kulmbach
45%
47,9 Anne König NW Borken II
42%
45,9 Andreas Lenz BY Erding – Ebersberg
42%
45,8 Alexander Dobrindt BY Weilheim
42%
46,4 Alexander Radwan BY Bad Tölz-Wolfratshausen – Miesbach
39%
46,9 Siegfried Walch BY Traunstein
39%
44,5 Susanne Hierl BY Amberg
36%
43,9 Stephan Mayer BY Altötting
33%
45,1 Ulrich-Lange BY Donau-Ries
30%
45,5 Stephan Stracke BY Ostallgäu
27%
45,5 Alexander Hoffmann BY Main-Spessart
24%
Keine übereinstimmenden Quizze gefunden
Verteilung der Resultate
Anzahl Personen mit jedem Resultat
Perzentil nach korrekt beantworteten Fragen
Ihre Resultats-Entwicklung
Sie haben dieses Quiz seit der letzten Aktualisierung nicht gespielt